000
00273nmm a2200097Ia 4500
008
220120s9999||||xx |||||||||||||||||und||
020
_a
978-0-07-060092-8
100
_a
Gaither, Norman and Frazier, Greg
245
0
_a
Production operation management
260
_a
PHI
_b
New Delhi
999
_c
139988
_d
139988